<?xml version="1.0" encoding="UTF-8"?>
<record
    xmlns:xsi="http://www.w3.org/2001/XMLSchema-instance"
    xsi:schemaLocation="http://www.loc.gov/MARC21/slim http://www.loc.gov/standards/marcxml/schema/MARC21slim.xsd"
    xmlns="http://www.loc.gov/MARC21/slim">

  <leader>00761nam a22002177a 4500</leader>
  <controlfield tag="005">20130906112109.0</controlfield>
  <datafield tag="010" ind1=" " ind2=" ">
    <subfield code="a">B512445-450</subfield>
  </datafield>
  <datafield tag="020" ind1=" " ind2=" ">
    <subfield code="a">9788177226225</subfield>
  </datafield>
  <datafield tag="035" ind1=" " ind2=" ">
    <subfield code="a">B512445-450</subfield>
  </datafield>
  <datafield tag="037" ind1=" " ind2=" ">
    <subfield code="a">BSB/Ven</subfield>
    <subfield code="b">DPL</subfield>
  </datafield>
  <datafield tag="082" ind1=" " ind2=" ">
    <subfield code="a">658.812</subfield>
  </datafield>
  <datafield tag="100" ind1=" " ind2=" ">
    <subfield code="a">Kumar, Alok.</subfield>
  </datafield>
  <datafield tag="245" ind1=" " ind2=" ">
    <subfield code="a">Customer Relationship Management:</subfield>
    <subfield code="c">by Alok Kumar</subfield>
    <subfield code="b">Concepts &amp; Application/</subfield>
  </datafield>
  <datafield tag="260" ind1=" " ind2=" ">
    <subfield code="a">New Delhi</subfield>
    <subfield code="b">Biztantra</subfield>
    <subfield code="c">2007</subfield>
  </datafield>
  <datafield tag="270" ind1=" " ind2=" ">
    <subfield code="a">4435-36/7,Ansari Road,</subfield>
    <subfield code="b">New Delhi</subfield>
    <subfield code="e">110002</subfield>
    <subfield code="k">41563722</subfield>
    <subfield code="l">91-11-23243078</subfield>
    <subfield code="m">bt@dreamtechprees.com</subfield>
  </datafield>
  <datafield tag="300" ind1=" " ind2=" ">
    <subfield code="a">xviii,350p.</subfield>
    <subfield code="b">ill.</subfield>
    <subfield code="c">22cm.(Pbk)</subfield>
  </datafield>
  <datafield tag="700" ind1=" " ind2=" ">
    <subfield code="a">Sinha, Chhabi</subfield>
  </datafield>
  <datafield tag="710" ind1=" " ind2=" ">
    <subfield code="a">Sharma, Rakesh</subfield>
  </datafield>
  <datafield tag="942" ind1=" " ind2=" ">
    <subfield code="2">ddc</subfield>
    <subfield code="c">EN</subfield>
    <subfield code="m">Kum</subfield>
    <subfield code="h">658.812</subfield>
  </datafield>
  <datafield tag="999" ind1=" " ind2=" ">
    <subfield code="c">78776</subfield>
    <subfield code="d">78776</subfield>
  </datafield>
  <datafield tag="952" ind1=" " ind2=" ">
    <subfield code="0">0</subfield>
    <subfield code="1">0</subfield>
    <subfield code="4">0</subfield>
    <subfield code="7">0</subfield>
    <subfield code="8">NFIC</subfield>
    <subfield code="a">L</subfield>
    <subfield code="b">L</subfield>
    <subfield code="d">2013-09-05</subfield>
    <subfield code="e">BSB/BL883/09.03.2013/169/08.03.2013/22.03.2013</subfield>
    <subfield code="g">379.00</subfield>
    <subfield code="l">4</subfield>
    <subfield code="m">2</subfield>
    <subfield code="o">658.812 Kum</subfield>
    <subfield code="p">B-512445</subfield>
    <subfield code="r">2019-12-08 00:00:00</subfield>
    <subfield code="s">2019-11-30</subfield>
    <subfield code="t">1</subfield>
    <subfield code="v">379.00</subfield>
    <subfield code="y">EN</subfield>
  </datafield>
  <datafield tag="952" ind1=" " ind2=" ">
    <subfield code="0">0</subfield>
    <subfield code="1">5</subfield>
    <subfield code="4">0</subfield>
    <subfield code="7">0</subfield>
    <subfield code="8">NFIC</subfield>
    <subfield code="a">BL1</subfield>
    <subfield code="b">BL1</subfield>
    <subfield code="d">2013-09-05</subfield>
    <subfield code="e">BSB/BL883/09.03.2013/169/08.03.2013/22.03.2013</subfield>
    <subfield code="g">379.00</subfield>
    <subfield code="l">0</subfield>
    <subfield code="o">658.812 Kum</subfield>
    <subfield code="p">B-512446</subfield>
    <subfield code="r">2013-09-05 00:00:00</subfield>
    <subfield code="t">1</subfield>
    <subfield code="v">379.00</subfield>
    <subfield code="y">EN</subfield>
  </datafield>
  <datafield tag="952" ind1=" " ind2=" ">
    <subfield code="0">0</subfield>
    <subfield code="1">0</subfield>
    <subfield code="4">0</subfield>
    <subfield code="7">0</subfield>
    <subfield code="8">NFIC</subfield>
    <subfield code="a">JP</subfield>
    <subfield code="b">JP</subfield>
    <subfield code="d">2013-09-05</subfield>
    <subfield code="e">BSB/BL883/09.03.2013/169/08.03.2013/22.03.2013</subfield>
    <subfield code="g">379.00</subfield>
    <subfield code="l">1</subfield>
    <subfield code="o">658.812 Kum</subfield>
    <subfield code="p">B-512447</subfield>
    <subfield code="r">2026-04-15 14:30:15</subfield>
    <subfield code="s">2026-04-02</subfield>
    <subfield code="t">1</subfield>
    <subfield code="v">379.00</subfield>
    <subfield code="y">EN</subfield>
  </datafield>
  <datafield tag="952" ind1=" " ind2=" ">
    <subfield code="0">0</subfield>
    <subfield code="1">0</subfield>
    <subfield code="4">0</subfield>
    <subfield code="7">0</subfield>
    <subfield code="8">NFIC</subfield>
    <subfield code="a">BL3</subfield>
    <subfield code="b">BL3</subfield>
    <subfield code="d">2013-09-05</subfield>
    <subfield code="e">BSB/BL883/09.03.2013/169/08.03.2013/22.03.2013</subfield>
    <subfield code="g">379.00</subfield>
    <subfield code="l">0</subfield>
    <subfield code="o">658.812 Kum</subfield>
    <subfield code="p">B-512448</subfield>
    <subfield code="r">2013-09-05 00:00:00</subfield>
    <subfield code="t">1</subfield>
    <subfield code="v">379.00</subfield>
    <subfield code="y">EN</subfield>
  </datafield>
  <datafield tag="952" ind1=" " ind2=" ">
    <subfield code="0">0</subfield>
    <subfield code="1">0</subfield>
    <subfield code="4">0</subfield>
    <subfield code="7">0</subfield>
    <subfield code="8">NFIC</subfield>
    <subfield code="a">NR</subfield>
    <subfield code="b">NR</subfield>
    <subfield code="d">2013-09-05</subfield>
    <subfield code="e">BSB/BL883/09.03.2013/169/08.03.2013/22.03.2013</subfield>
    <subfield code="g">379.00</subfield>
    <subfield code="l">0</subfield>
    <subfield code="o">658.812 Kum</subfield>
    <subfield code="p">B-512449</subfield>
    <subfield code="r">2013-09-05 00:00:00</subfield>
    <subfield code="t">1</subfield>
    <subfield code="v">379.00</subfield>
    <subfield code="y">EN</subfield>
  </datafield>
  <datafield tag="952" ind1=" " ind2=" ">
    <subfield code="0">0</subfield>
    <subfield code="1">0</subfield>
    <subfield code="4">0</subfield>
    <subfield code="7">0</subfield>
    <subfield code="8">NFIC</subfield>
    <subfield code="a">BL4</subfield>
    <subfield code="b">BL4</subfield>
    <subfield code="d">2013-09-05</subfield>
    <subfield code="e">BSB/BL883/09.03.2013/169/08.03.2013/22.03.2013</subfield>
    <subfield code="g">379.00</subfield>
    <subfield code="l">2</subfield>
    <subfield code="o">658.812 Kum</subfield>
    <subfield code="p">B-512450</subfield>
    <subfield code="r">2023-05-09 00:00:00</subfield>
    <subfield code="s">2023-04-27</subfield>
    <subfield code="t">1</subfield>
    <subfield code="v">379.00</subfield>
    <subfield code="y">EN</subfield>
  </datafield>
</record>
